000 00695 a2200217 4500
005 20260423125516.0
008 260423b |||||||| |||| 00| 0 eng d
020 _a978-1-3503-8597-9 (pbk)
037 _cTB
040 _aCRL
_cCRL
084 _aP:33
_qCRL
245 _aContrastive corpus linguistics: Patterns in lexicogrammar and discourse
260 _aLondon, UK:
_bBloomsbury Academic,
_c2026.
300 _a288p.
365 _b28.99
_cGBP
650 _aLanguage and Languages
650 _aGrammar
650 _aDiscourseanalysis
_91235516
942 _cTB
_2CC
_hP:33 R5
999 _c1678658
_d1678658